header

The Eurogroup (Record no. 158662)

MARC details
000 -LEADER
fixed length control field 01438nam a2200349 a 4500
082 04 - DEWEY DECIMAL CLASSIFICATION NUMBER
Classification number 330.94056
100 1# - MAIN ENTRY--AUTHOR NAME
Personal name Puetter, Uwe.
245 14 - TITLE STATEMENT
Title The Eurogroup
260 ## - PUBLICATION, DISTRIBUTION, ETC. (IMPRINT)
Place of publication Manchester, U.K. ;
-- New York :
Name of publisher Manchester University Press ;
Place of publication New York :
Name of publisher Distributed in the USA by Palgrave,
Year of publication c2006.
300 ## - PHYSICAL DESCRIPTION
Number of Pages xiv, 194 p. :
Other physical details ill.
650 #0 - SUBJECT ADDED ENTRY--TOPICAL TERM
Topical Term Finance ministers
856 40 - ELECTRONIC LOCATION AND ACCESS
Uniform Resource Identifier http://site.ebrary.com/lib/rucke/Doc?id=10623241

No items available.

© 2026 Rongo University
Contact us: librarian | system librarian | Rongo university